UBT Library

KEYBOARDING WITH COMPUTER APPLICATIONS (Record no. 22804)

000 -LEADER
fixed length control field 00306nam a22001337a 4500
008 - FIXED-LENGTH DATA ELEMENTS--GENERAL INFORMATION
fixed length control field 170807b xxu||||| |||| 00| 0 eng d
020 ## - INTERNATIONAL STANDARD BOOK NUMBER
International Standard Book Number 9780078602429
041 ## - LANGUAGE CODE
Language code of text/sound track or separate title eng
080 ## - UNIVERSAL DECIMAL CLASSIFICATION NUMBER
Universal Decimal Classification number 004
100 ## - Rafti
Rafti 33
101 ## - Shkurtesa
Shkurtesa SHKI
245 ## - TITLE STATEMENT
Title KEYBOARDING WITH COMPUTER APPLICATIONS
Statement of responsibility, etc JOHNSON
942 ## - ADDED ENTRY ELEMENTS (KOHA)
Source of classification or shelving scheme
Item type Books
Holdings
Withdrawn status Lost status Source of classification or shelving scheme Damaged status Not for loan Collection code Permanent location Current location Shelving location Date acquired Total Checkouts Full call number Barcode Date last seen Price effective from Koha item type
          Koleksioni i përgjithshem UBT - Lipjan UBT - Lipjan Koleksioni i përgjithshem 08/07/2017   004 JOH 002-2910493 08/07/2017 08/07/2017 Books
          Koleksioni i përgjithshem UBT - Lipjan UBT - Lipjan Koleksioni i përgjithshem 08/07/2017   004 JOH 002-2910498 08/07/2017 08/07/2017 Books
          Koleksioni i përgjithshem UBT - Lipjan UBT - Lipjan Koleksioni i përgjithshem 08/07/2017   004 JOH 002-2910503 08/07/2017 08/07/2017 Books
          Koleksioni i përgjithshem UBT - Lipjan UBT - Lipjan Koleksioni i përgjithshem 08/07/2017   004 JOH 002-2910508 08/07/2017 08/07/2017 Books
UBT Library © 2015-2024. All rights reserved University Education for Business and Technology